[Event "SV Rot-Weiß-Altenessen 1 - Schwarze Dam"]
[Site "Verbandsklasse - Gr. 3 2019/2"]
[Date "2019.12.08"]
[Round "4.6"]
[White "Metzner, Carsten"]
[Black "Jerig, Markus"]
[Result "1/2-1/2"]
[WhiteElo "1771"]
[BlackElo "1735"]
[PlyCount "133"]
[EventDate "2019.??.??"]
[WhiteTeam "SV Rot-Weiß-Altenessen 1"]
[BlackTeam "Schwarze Dame Osterfeld 1"]

1. e4 d6 2. Nf3 g6 3. d4 e6 4. Nc3 f6 5. h4 h5 6. Bd3 e5 7. Be3 Nh6 8. Nh2 Nc6
9. d5 Ne7 10. Qf3 Bg7 11. O-O-O Ng4 12. Rdg1 Nxe3 13. fxe3 Ng8 14. g4 hxg4 15.
Nxg4 Qe7 16. Qg3 Qf7 17. Bb5+ Bd7 18. Bxd7+ Kxd7 19. Rh2 Rf8 20. Qh3 Kd8 21.
Qf1 Qd7 22. Qb5 Qxb5 23. Nxb5 a6 24. Na3 Ne7 25. c4 Rh5 26. Nc2 Rfh8 27. Rf1
Ng8 28. Rfh1 f5 29. Nf2 Bf6 30. exf5 gxf5 31. e4 Rxh4 32. Rxh4 Rxh4 33. Kd2
Rxh1 34. Nxh1 fxe4 35. Ke3 Kd7 36. Ng3 Bg5+ 37. Kxe4 Bc1 38. b4 b6 39. Nh5 Nh6
40. c5 bxc5 41. bxc5 dxc5 42. Nf6+ Ke7 43. Nh5 Bb2 44. Ne3 Nf7 45. Nc4 Nd6+ 46.
Nxd6 cxd6 47. Kd3 Kf7 48. Ng3 Ke7 49. Kc4 Ba3 50. Nf5+ Kd7 51. Ng3 Bb4 52. Ne4
Be1 53. Nf6+ Ke7 54. Ne4 Ba5 55. Kd3 Bc7 56. Nd2 Kf6 57. Ke4 Kg5 58. Nc4 Kg4
59. a4 Kg3 60. Ke3 Kg4 61. Ke4 Kg5 62. Ne3 Kf6 63. Nc4 Ke7 64. Kf5 Kd7 65. Ke4
Ke7 66. Kf5 Kf7 67. Kg5 1/2-1/2

[Event "SV Rot-Weiß-Altenessen 1 - Schwarze Dam"]
[Site "Verbandsklasse - Gr. 3 2019/2"]
[Date "2019.12.08"]
[Round "4.7"]
[White "Hoehn, Helmut"]
[Black "Avgustin, Thomas"]
[Result "0-1"]
[WhiteElo "1709"]
[BlackElo "1717"]
[PlyCount "70"]
[EventDate "2019.??.??"]
[WhiteTeam "Schwarze Dame Osterfeld 1"]
[BlackTeam "SV Rot-Weiß-Altenessen 1"]

1. b4 Nf6 2. Bb2 d5 3. e3 Bf5 4. c4 Nc6 5. a3 e6 6. Nf3 Ne7 7. d4 h6 8. Nbd2 c6
9. Ne5 Nd7 10. Ndf3 f6 11. Nxd7 Qxd7 12. Qa4 dxc4 13. Rc1 b5 14. Qd1 a5 15. Bc3
axb4 16. Bxb4 Nd5 17. Bxf8 Kxf8 18. Ra1 Qa7 19. Be2 Qa5+ 20. Kf1 Nc3 21. Qe1
Nxe2 22. Qxa5 Rxa5 23. Kxe2 Ke7 24. Nd2 Bd3+ 25. Kd1 Rha8 26. Nb1 Bxb1 27. Rxb1
Rxa3 28. Kc2 Ra2+ 29. Rb2 Kd6 30. Kc3 R8a3+ 31. Kc2 b4 32. Rhb1 c5 33. dxc5+
Kxc5 34. Kc1 Rxb2 35. Rxb2 c3 0-1

[Event "SV Rot-Weiß-Altenessen 1 - Schwarze Dam"]
[Site "Verbandsklasse - Gr. 3 2019/2"]
[Date "2019.12.08"]
[Round "4.8"]
[White "Drawe, Thomas"]
[Black "Kyritsis, Christoph"]
[Result "1-0"]
[WhiteElo "1836"]
[BlackElo "1600"]
[PlyCount "89"]
[EventDate "2019.??.??"]
[WhiteTeam "SV Rot-Weiß-Altenessen 1"]
[BlackTeam "Schwarze Dame Osterfeld 1"]

1. c4 Nc6 2. g3 Nf6 3. Bg2 e5 4. Nc3 Bc5 5. a3 a5 6. d3 h6 7. Nf3 d6 8. O-O O-O
9. Bd2 Nd4 10. Rb1 Nxf3+ 11. Bxf3 c6 12. Bg2 Bd7 13. b4 axb4 14. axb4 Bd4 15.
e3 Bxc3 16. Bxc3 Qc7 17. Qd2 Ra4 18. Ra1 Rfa8 19. Rxa4 Rxa4 20. Ra1 b5 21. Rxa4
bxa4 22. Qa2 Qa7 23. Qa3 Qa6 24. Bf1 Bg4 25. c5 dxc5 26. bxc5 Nd7 27. d4 Be2
28. Bxe2 Qxe2 29. Qxa4 exd4 30. Qxd4 Nf6 31. Qd8+ Kh7 32. Bxf6 gxf6 33. Qd7 Qf3
34. Qxf7+ Kh8 35. h4 h5 36. e4 Qxe4 37. Qxf6+ Kh7 38. Qf7+ Kh6 39. Qf4+ Qxf4
40. gxf4 Kg6 41. Kg2 Kf6 42. Kf3 Kf5 43. Ke3 Kg4 44. Ke4 Kxh4 45. Kf3 1-0

[Event "SV Rot-Weiß-Altenessen 1 - Schwarze Dam"]
[Site "Verbandsklasse - Gr. 3 2019/2"]
[Date "2019.12.08"]
[Round "4.2"]
[White "Rohloff, Markus"]
[Black "Laudage, Bernd"]
[Result "1/2-1/2"]
[WhiteElo "1885"]
[BlackElo "2008"]
[PlyCount "40"]
[EventDate "2019.??.??"]
[WhiteTeam "SV Rot-Weiß-Altenessen 1"]
[BlackTeam "Schwarze Dame Osterfeld 1"]

1. e4 c6 2. d4 d6 3. f4 Qc7 4. Nf3 Bg4 5. c3 Nd7 6. h3 Bxf3 7. Qxf3 e6 8. Bd3
g6 9. O-O d5 10. e5 h5 11. b4 Nh6 12. a4 a5 13. b5 c5 14. Na3 Nb6 15. Bd2 c4
16. Bb1 h4 17. Nc2 Nf5 18. Ne3 Be7 19. Ng4 O-O-O 20. Bc2 Rdg8 1/2-1/2

[Event "SV Rot-Weiß-Altenessen 1 - Schwarze Dam"]
[Site "Verbandsklasse - Gr. 3 2019/2"]
[Date "2019.12.08"]
[Round "4.4"]
[White "Kordonowski, Frank"]
[Black "Heisterkamp, Oliver"]
[Result "0-1"]
[WhiteElo "1959"]
[BlackElo "1891"]
[PlyCount "78"]
[EventDate "2019.??.??"]
[WhiteTeam "SV Rot-Weiß-Altenessen 1"]
[BlackTeam "Schwarze Dame Osterfeld 1"]

1. d4 Nf6 2. Nf3 c5 3. dxc5 Qa5+ 4. Nc3 Qxc5 5. Be3 Qc7 6. g3 e6 7. Bg2 Bb4 8.
O-O d5 9. Bf4 Qa5 10. a3 Bxc3 11. bxc3 O-O 12. Be5 Nfd7 13. Bd6 Re8 14. Bb4 Qc7
15. a4 Nf6 16. Nd4 a6 17. a5 Nbd7 18. e4 Nxe4 19. Bxe4 dxe4 20. Qe2 Nf6 21. f3
e5 22. Nb3 exf3 23. Qxf3 Bh3 24. Rfe1 e4 25. Qe3 Rad8 26. Bc5 Ng4 27. Qf4 Qc6
28. Re2 e3 29. Bd4 Nf2 30. Rxf2 exf2+ 31. Qxf2 Qb5 32. Nc1 Rd5 33. Nd3 Rf5 34.
Qd2 Qc6 35. Nf4 Rxf4 36. gxf4 Qg6+ 37. Kh1 Qe4+ 38. Kg1 Re6 39. f5 Qg4+ 0-1

[Event "Weiße Dame Borbeck 1 - SV Bottrop 1"]
[Site "Verbandsliga - Gr. 1 2019/202"]
[Date "2020.01.19"]
[Round "5.1"]
[White "Stadtmann, Jens"]
[Black "Loyen, Egbert"]
[Result "1-0"]
[WhiteElo "2155"]
[BlackElo "2184"]
[Annotator "Daniel"]
[PlyCount "123"]
[EventDate "2020.??.??"]
[WhiteTeam "SV Bottrop 1"]
[BlackTeam "Weiße Dame Borbeck 1"]

1. c4 g6 2. Nc3 Bg7 3. g3 Nf6 4. Bg2 O-O 5. d4 d6 6. e3 c6 7. Nge2 e5 8. O-O
Na6 9. a3 Be6 10. d5 cxd5 11. cxd5 Bg4 12. f3 Bd7 13. e4 Qb6+ 14. Kh1 h5 15. h3
Rac8 16. b4 Nc7 17. Qd3 Nb5 18. Be3 Qa6 19. Rfc1 Rc7 20. a4 Nxc3 21. Qxa6 bxa6
22. Rxc3 Rxc3 23. Nxc3 Rc8 24. Ra3 Ne8 25. Bf1 Rc7 26. h4 f5 27. Bxa6 f4 28.
Bf2 fxg3 29. Bxg3 Bh6 30. Bb5 Bd2 31. Bxd7 Rxd7 32. Rb3 Rc7 33. Nb5 Rc1+ 34.
Kg2 a6 35. Na7 Ra1 36. a5 Nc7 $11 37. Rb2 Be3 38. Rc2 Ne8 39. Bf2 Bf4 40. Bb6
Kf7 41. b5 axb5 42. Nxb5 g5 43. hxg5 Bxg5 44. Nc3 Ra3 45. Na2 Ra4 46. Rb2 Ke7
47. Nb4 Kd7 48. a6 Nc7 49. a7 Na8 50. Nc6 Bc1 51. Rb1 Ra2+ 52. Kh1 Bb2 53. Be3
Kc7 54. Rg1 Ra1 55. Rxa1 Bxa1 56. Kg2 Bb2 57. Kh3 Ba3 58. Kh4 Kb7 59. Na5+ Ka6
60. Nc4 Bc5 61. Bxc5 dxc5 62. d6 1-0

[Event "Weiße Dame Borbeck 1 - SV Bottrop 1"]
[Site "Verbandsliga - Gr. 1 2019/202"]
[Date "2020.01.19"]
[Round "5.2"]
[White "Hillenbrand, Michael"]
[Black "Boehm, Joachim"]
[Result "0-1"]
[WhiteElo "2081"]
[BlackElo "2209"]
[PlyCount "118"]
[EventDate "2020.??.??"]
[WhiteTeam "Weiße Dame Borbeck 1"]
[BlackTeam "SV Bottrop 1"]

1. c4 g6 2. g3 Bg7 3. Bg2 e5 4. Nc3 d6 5. e3 Nc6 6. Nge2 Nge7 7. Rb1 Bf5 8. d3
Qd7 9. h3 O-O 10. Nd5 Nc8 11. b4 Nd8 12. e4 Be6 13. f4 c6 14. Ne3 Ne7 15. d4 f6
16. d5 cxd5 17. cxd5 Bf7 18. O-O Be8 19. fxe5 dxe5 20. b5 Nf7 21. Qb3 Nd6 22.
Ba3 h5 23. Kh2 Kh7 24. Bxd6 Qxd6 25. Nc4 Qd8 26. Rbc1 Bh6 27. Rc3 Nc8 28. Qb4
Rf7 29. Rcf3 Bf8 30. Qb2 Kg8 31. h4 Nd6 32. Nxd6 Bxd6 33. Rc1 Qa5 34. Bh3 Kg7
35. Be6 Rf8 36. Rb1 Rd8 37. Qb3 Bd7 38. Rd3 Qb6 39. Kg2 Rfe8 40. a4 Bc5 41.
Bxd7 Rxd7 42. Rc1 Bd6 43. Rc4 Rf7 44. Ng1 Ree7 45. Nf3 Rc7 46. Rdc3 Rxc4 47.
Rxc4 Qd8 48. Qc3 Qd7 49. Qe3 b6 50. Ne1 Bc5 51. Qe2 Qd6 52. Nd3 Bd4 53. Qc2 f5
54. Rc6 Qd7 55. Qd2 fxe4 56. Nf4 Kh7 57. Nh3 Qxd5 58. Ng5+ Kg7 59. Kh3 e3 0-1

[Event "Weiße Dame Borbeck 1 - SV Bottrop 1"]
[Site "Verbandsliga - Gr. 1 2019/202"]
[Date "2020.01.19"]
[Round "5.3"]
[White "Mohrholz, Uwe"]
[Black "Dewenter, Ulf"]
[Result "1/2-1/2"]
[WhiteElo "1992"]
[BlackElo "2104"]
[PlyCount "57"]
[EventDate "2020.??.??"]
[WhiteTeam "SV Bottrop 1"]
[BlackTeam "Weiße Dame Borbeck 1"]

1. e4 Nf6 2. d3 e5 3. Nf3 Nc6 4. Nc3 d5 5. Bg5 d4 6. Nd5 Be6 7. Nxf6+ gxf6 8.
Bd2 Qd7 9. g3 Be7 10. Nh4 O-O-O 11. Bg2 Bc5 12. a3 Ne7 13. b4 Bb6 14. a4 a6 15.
Qb1 f5 16. Bg5 fxe4 17. a5 Ba7 18. Bxe4 f5 19. Bxe7 Qxe7 20. Nxf5 Qd7 21. Nh4
c6 22. Qc1 Qe7 23. Rb1 Rdf8 24. O-O Rhg8 25. Kh1 Bh3 26. Ng2 h5 27. f3 h4 28.
g4 Bb8 29. Qd2 1/2-1/2

[Event "Weiße Dame Borbeck 1 - SV Bottrop 1"]
[Site "Verbandsliga - Gr. 1 2019/202"]
[Date "2020.01.19"]
[Round "5.4"]
[White "Klasmeier, Jens"]
[Black "Nowak, Steven"]
[Result "0-1"]
[WhiteElo "2058"]
[BlackElo "1954"]
[PlyCount "68"]
[EventDate "2020.??.??"]
[WhiteTeam "Weiße Dame Borbeck 1"]
[BlackTeam "SV Bottrop 1"]

1. e4 e6 2. b3 d6 3. Bb2 Nf6 4. Nc3 Be7 5. f4 O-O 6. Qf3 c5 7. g4 Nc6 8. Nge2
Nb4 9. O-O-O d5 10. e5 Ne8 11. a3 Nc6 12. g5 Qa5 13. Rg1 g6 14. Ng3 Nd4 15. Qf2
b5 16. Nce2 Nc6 17. h4 c4 18. b4 Qc7 19. Nc3 Rb8 20. f5 a5 21. f6 Bd8 22. d4
axb4 23. axb4 Nxb4 24. h5 Qa5 25. Rh1 Na2+ 26. Nxa2 Qxa2 27. hxg6 fxg6 28. Rxh7
Kxh7 29. Be2 b4 30. Qh2+ Kg8 31. Rh1 Kf7 32. Qh7+ Ng7 33. fxg7 Bxg5+ 34. Kd1
Qb1+ 0-1

[Event "Weiße Dame Borbeck 1 - SV Bottrop 1"]
[Site "Verbandsliga - Gr. 1 2019/202"]
[Date "2020.01.19"]
[Round "5.5"]
[White "Masberg, Stefan"]
[Black "Poetter, Clemens"]
[Result "1/2-1/2"]
[WhiteElo "1939"]
[BlackElo "1994"]
[PlyCount "27"]
[EventDate "2020.??.??"]
[WhiteTeam "SV Bottrop 1"]
[BlackTeam "Weiße Dame Borbeck 1"]

1. e4 c6 2. d4 d5 3. Nc3 dxe4 4. Nxe4 Nd7 5. Nf3 Ngf6 6. Bd3 Nxe4 7. Bxe4 Nf6
8. Bd3 Bg4 9. c3 e6 10. Bf4 Nd5 11. Bg3 Bd6 12. Bxd6 Qxd6 13. h3 Bxf3 14. Qxf3
1/2-1/2

[Event "Weiße Dame Borbeck 1 - SV Bottrop 1"]
[Site "Verbandsliga - Gr. 1 2019/202"]
[Date "2020.01.19"]
[Round "5.6"]
[White "Mundil, Uwe"]
[Black "Gierse, Heinz-Dieter"]
[Result "1-0"]
[WhiteElo "2006"]
[BlackElo "1914"]
[PlyCount "81"]
[EventDate "2020.??.??"]
[WhiteTeam "Weiße Dame Borbeck 1"]
[BlackTeam "SV Bottrop 1"]

1. e4 d5 2. exd5 Nf6 3. Bb5+ Bd7 4. Be2 Nxd5 5. d4 Bf5 6. Nf3 e6 7. O-O Bd6 8.
Re1 O-O 9. a3 Nc6 10. h3 Re8 11. c4 Nf6 12. Nc3 h6 13. Bd3 Bxd3 14. Qxd3 Qd7
15. b4 b6 16. Bb2 a5 17. b5 Ne7 18. Rad1 Ng6 19. Qc2 Qe7 20. Qb3 Qf8 21. Ne4
Nxe4 22. Rxe4 f5 23. Ree1 Kh7 24. g3 Qf7 25. Qc2 Kh8 26. c5 Be7 27. cxb6 cxb6
28. Qc6 Bf6 29. Qxb6 f4 30. g4 Rab8 31. Qc6 Qb7 32. Qxb7 Rxb7 33. a4 Rb6 34.
Rc1 Rd8 35. Rc4 Ne7 36. Ba3 Nd5 37. Bc5 Rc8 38. Rcc1 Rb7 39. Rxe6 Nb4 40. Rce1
Nd3 41. Re8+ 1-0

[Event "Weiße Dame Borbeck 1 - SV Bottrop 1"]
[Site "Verbandsliga - Gr. 1 2019/202"]
[Date "2020.01.19"]
[Round "5.7"]
[White "Jaeger, Heinz"]
[Black "Kindermann, Carsten"]
[Result "1-0"]
[WhiteElo "1948"]
[BlackElo "1912"]
[PlyCount "39"]
[EventDate "2020.??.??"]
[WhiteTeam "SV Bottrop 1"]
[BlackTeam "Weiße Dame Borbeck 1"]

1. d4 d5 2. Nf3 c5 3. c3 e6 4. Bf4 Nc6 5. e3 Nf6 6. Bd3 Nh5 7. Bg3 cxd4 8. exd4
Nxg3 9. hxg3 g6 10. Qe2 Bg7 11. Nbd2 Qe7 12. Ne5 Bd7 13. Nxd7 Qxd7 14. f4 Qe7
15. Nf3 f6 16. Rxh7 O-O-O 17. Rxh8 Rxh8 18. O-O-O g5 19. Re1 Re8 20. Bg6 1-0

[Event "Weiße Dame Borbeck 1 - SV Bottrop 1"]
[Site "Verbandsliga - Gr. 1 2019/202"]
[Date "2020.01.19"]
[Round "5.8"]
[White "Klasmeier, Hartmut"]
[Black "Huestegge, Ulrich"]
[Result "1-0"]
[WhiteElo "1857"]
[BlackElo "1850"]
[PlyCount "61"]
[EventDate "2020.??.??"]
[WhiteTeam "Weiße Dame Borbeck 1"]
[BlackTeam "SV Bottrop 1"]

1. e4 d6 2. d4 Nf6 3. Nc3 Nc6 4. d5 Nb8 5. f4 e5 6. dxe6 fxe6 7. Nf3 Nc6 8. Be2
Be7 9. h3 Nh5 10. O-O O-O 11. Nd4 Ng3 12. Nxc6 bxc6 13. Rf3 Nxe2+ 14. Qxe2 Bf6
15. Nd1 e5 16. Nf2 Be6 17. f5 Bf7 18. b3 d5 19. Ba3 dxe4 20. Re3 Be7 21. Rd1
Qe8 22. Bxe7 Qxe7 23. Rxe4 Rae8 24. Re1 Qc5 25. c4 Qa5 26. Qb2 Qb6 27. Rxe5
Rxe5 28. Rxe5 Bxc4 29. Re7 Bf7 30. Qe5 Rc8 31. Rxf7 1-0

[Event "SV Erkenschwick 2 - SV Ahlen 1"]
[Site "Verbandsliga - Gr. 1 2019/202"]
[Date "2020.01.19"]
[Round "5.1"]
[White "Steinle, Carsten"]
[Black "Trzaska, Peter"]
[Result "1/2-1/2"]
[WhiteElo "2126"]
[BlackElo "2078"]
[PlyCount "46"]
[EventDate "2020.??.??"]
[WhiteTeam "SV Ahlen 1"]
[BlackTeam "SV Erkenschwick 2"]

1. Nf3 d5 2. g3 Nf6 3. Bg2 Bf5 4. c4 c6 5. b3 e6 6. O-O Be7 7. Bb2 O-O 8. d3 h6
9. Nbd2 Nbd7 10. Rc1 a5 11. a3 Qb6 12. h3 Rfd8 13. Qc2 Bd6 14. Bd4 c5 15. Bxf6
Nxf6 16. cxd5 exd5 17. e4 dxe4 18. dxe4 Bh7 19. Nc4 Qc7 20. Rfe1 Be7 21. a4 Ra6
22. Nfd2 Nd5 23. Qd1 Nb4 1/2-1/2

[Event "SV Erkenschwick 2 - SV Ahlen 1"]
[Site "Verbandsliga - Gr. 1 2019/202"]
[Date "2020.01.19"]
[Round "5.2"]
[White "Jungbluth, Rolf"]
[Black "Torres-Kuckel, Rafael"]
[Result "1/2-1/2"]
[WhiteElo "1983"]
[BlackElo "2102"]
[PlyCount "94"]
[EventDate "2020.??.??"]
[WhiteTeam "SV Erkenschwick 2"]
[BlackTeam "SV Ahlen 1"]

1. c4 e5 2. Nc3 Nf6 3. g3 Nc6 4. Bg2 Bc5 5. e3 d6 6. Nge2 a6 7. O-O O-O 8. d4
Ba7 9. h3 Bd7 10. Kh2 Rb8 11. a4 exd4 12. exd4 Nb4 13. Be3 Re8 14. Qd2 Bc6 15.
Nf4 Bxg2 16. Kxg2 c6 17. Nb5 cxb5 18. Qxb4 bxc4 19. Qxc4 Qd7 {R} 20. Rfc1 Rbc8
21. Qb3 h6 22. a5 Rxc1 23. Rxc1 Rc8 24. Rxc8+ Qxc8 25. Kh2 Qc7 26. Nd5 Nxd5 27.
Qxd5 Bb8 28. b4 Qd7 29. h4 Kf8 30. Qe4 Kg8 31. d5 Bc7 32. Bd4 Bd8 33. f4 Qe7
34. Qxe7 Bxe7 35. Kh3 h5 36. f5 g5 37. hxg5 Bxg5 38. Bc3 f6 39. Be1 Kf7 40. Kg2
Ke7 41. Kf3 Kf7 42. Ke2 Ke7 43. Kd3 Kf7 44. Ke2 Ke7 45. Kf3 Kf7 46. g4 hxg4+
47. Kxg4 Be3 1/2-1/2

[Event "SV Erkenschwick 2 - SV Ahlen 1"]
[Site "Verbandsliga - Gr. 1 2019/202"]
[Date "2020.01.19"]
[Round "5.3"]
[White "Volesky, Alexander"]
[Black "Broksch, Dirk"]
[Result "1/2-1/2"]
[WhiteElo "2023"]
[BlackElo "1856"]
[PlyCount "97"]
[EventDate "2020.??.??"]
[WhiteTeam "SV Ahlen 1"]
[BlackTeam "SV Erkenschwick 2"]

1. e4 c5 2. Nf3 e6 3. d4 cxd4 4. Nxd4 a6 5. Nc3 d6 6. a4 b6 7. f4 Bb7 8. Bd3
Nd7 9. O-O Ngf6 10. Qe2 Qc7 11. Kh1 Be7 12. Bd2 Nc5 13. Rae1 Nxd3 14. cxd3 O-O
15. Rf3 Rfe8 16. Rh3 Bf8 17. Qf2 h6 18. Qg3 Kh7 19. Nf3 Ng8 20. Rf1 Bc6 21. f5
Re7 22. Ng5+ Kh8 23. fxe6 fxe6 24. Qh4 Nf6 25. Rhf3 Kg8 26. Nh3 Nh7 27. Qg3 g5
28. Nf4 Be8 29. Nfe2 Bg7 30. Qf2 Bh5 31. Rh3 Rf8 32. Qe1 Rxf1+ 33. Qxf1 Rf7 34.
Qe1 Bg6 35. Rf3 Rxf3 36. gxf3 Qc5 37. Qg1 Qb4 38. Qc1 Be8 39. Nd5 Qxa4 40. Nxb6
Qb5 41. Nc4 Qc6 42. Kg2 Nf8 43. b3 d5 44. Ne3 Qxc1 45. Bxc1 Bb5 46. exd5 Bxd3
47. Ng3 exd5 48. Nxd5 Ne6 49. Be3 1/2-1/2

[Event "SV Erkenschwick 2 - SV Ahlen 1"]
[Site "Verbandsliga - Gr. 1 2019/202"]
[Date "2020.01.19"]
[Round "5.4"]
[White "Schulze Bisping, Franz-Adolf"]
[Black "Woestmann, Ulrich"]
[Result "1/2-1/2"]
[WhiteElo "1931"]
[BlackElo "1957"]
[PlyCount "55"]
[EventDate "2020.??.??"]
[WhiteTeam "SV Erkenschwick 2"]
[BlackTeam "SV Ahlen 1"]

1. d4 Nf6 2. c4 g6 3. Nc3 d5 4. cxd5 Nxd5 5. e4 Nxc3 6. bxc3 Bg7 7. Bg5 O-O 8.
Rc1 c5 9. d5 Qc7 10. Nf3 Bg4 11. Be2 f5 12. Nd2 Bxe2 13. Qxe2 h6 14. exf5 hxg5
15. Qe6+ Kh8 16. fxg6 Qe5+ 17. Ne4 Qxe6 18. dxe6 Rf5 19. g4 Re5 20. f3 Bf6 21.
Kf2 Nc6 22. h4 gxh4 23. Nxf6 exf6 24. Rxh4+ Kg7 25. Rh7+ Kxg6 26. Rch1 Rd8 27.
Kg3 Rd3 28. R1h6+ 1/2-1/2

[Event "SV Erkenschwick 2 - SV Ahlen 1"]
[Site "Verbandsliga - Gr. 1 2019/202"]
[Date "2020.01.19"]
[Round "5.5"]
[White "Volesky, Karl-Heinz"]
[Black "Strohmann, Marcel"]
[Result "1/2-1/2"]
[WhiteElo "1952"]
[BlackElo "1890"]
[PlyCount "42"]
[EventDate "2020.??.??"]
[WhiteTeam "SV Ahlen 1"]
[BlackTeam "SV Erkenschwick 2"]

1. e4 Nf6 2. e5 Nd5 3. d4 d6 4. Bc4 Nb6 5. Bb3 Nc6 6. exd6 exd6 7. Nf3 Be7 8.
O-O O-O 9. c3 Bf5 10. a4 a5 11. Re1 d5 12. Bf4 Bd6 13. Qd2 Qd7 14. Na3 Bxa3 15.
Rxa3 Rfe8 16. Raa1 f6 17. h3 Nc4 18. Bxc4 dxc4 19. d5 Ne7 20. d6 cxd6 21. Qxd6
Qxd6 1/2-1/2

[Event "SV Erkenschwick 2 - SV Ahlen 1"]
[Site "Verbandsliga - Gr. 1 2019/202"]
[Date "2020.01.19"]
[Round "5.6"]
[White "Spriestersbach, Kai"]
[Black "Busche, Klaus"]
[Result "1/2-1/2"]
[WhiteElo "1822"]
[BlackElo "1951"]
[PlyCount "46"]
[EventDate "2020.??.??"]
[WhiteTeam "SV Erkenschwick 2"]
[BlackTeam "SV Ahlen 1"]

1. c4 e5 2. g3 Bc5 3. Bg2 Nc6 4. Nc3 Nf6 5. a3 a6 6. e3 O-O 7. Nge2 d6 8. O-O
Bf5 9. d4 Ba7 10. b4 e4 11. Nf4 Re8 12. Bb2 Qd7 13. Nfd5 Nxd5 14. cxd5 Nb8 15.
Qc2 Qe7 16. Rfc1 Nd7 17. Bf1 Bg6 18. b5 a5 19. Qb3 Nb6 20. Rc2 Bb8 21. Rac1 Bf5
22. Bg2 h5 23. h3 Bg6 1/2-1/2

[Event "SV Erkenschwick 2 - SV Ahlen 1"]
[Site "Verbandsliga - Gr. 1 2019/202"]
[Date "2020.01.19"]
[Round "5.7"]
[White "Starp, Klaus"]
[Black "Broszeit, Peter"]
[Result "1/2-1/2"]
[WhiteElo "1897"]
[BlackElo "1894"]
[PlyCount "90"]
[EventDate "2020.??.??"]
[WhiteTeam "SV Ahlen 1"]
[BlackTeam "SV Erkenschwick 2"]

1. e4 e6 2. d4 d5 3. Nc3 Bb4 4. exd5 exd5 5. Bd3 c6 6. Nge2 Ne7 7. O-O O-O 8.
Re1 Bf5 9. a3 Bxc3 10. Nxc3 Bxd3 11. Qxd3 Ng6 12. Ne2 Qd6 13. Bd2 Nd7 14. Bb4
c5 15. dxc5 Nxc5 16. Qg3 Qxg3 17. hxg3 b6 18. Rad1 Rfd8 19. f3 Ne6 20. Bc3 Rac8
21. Rd2 Rd7 22. Red1 Rcd8 23. b3 f6 24. Bd4 Kf7 25. Kf2 Ne7 26. Bb2 Ke8 27. Re1
Rc7 28. Nc3 Kf7 29. Nb5 Rcd7 30. Rde2 Nc7 31. Rxe7+ Rxe7 32. Rxe7+ Kxe7 33.
Nxc7 Kf7 34. Nb5 a6 35. Nd4 g6 36. Ke2 f5 37. Kd3 Rc8 38. a4 Ke7 39. Ne2 Kd7
40. Nf4 Kc6 41. Kd4 Rd8 42. Nd3 a5 43. Ba3 Rc8 44. Ne5+ Kb7 45. Bb2 b5 1/2-1/2

[Event "SV Erkenschwick 2 - SV Ahlen 1"]
[Site "Verbandsliga - Gr. 1 2019/202"]
[Date "2020.01.19"]
[Round "5.8"]
[White "Stötzel, Martin"]
[Black "Dreesbach, Harald"]
[Result "0-1"]
[WhiteElo "1766"]
[BlackElo "1782"]
[PlyCount "96"]
[EventDate "2020.??.??"]
[WhiteTeam "SV Erkenschwick 2"]
[BlackTeam "SV Ahlen 1"]

1. e4 c5 2. c3 d5 3. exd5 Qxd5 4. d4 Nc6 5. Nf3 cxd4 6. Nxd4 a6 7. Qf3 Qxf3 8.
Nxf3 Bg4 9. Be2 Nf6 10. h3 Bd7 11. Bf4 e6 12. Nbd2 Be7 13. Nc4 O-O 14. Nb6 Rae8
15. O-O-O Bc8 16. b4 Ne4 17. Nd4 Nxc3 18. Nxc8 Nxe2+ 19. Nxe2 Rxc8 20. Kb1 Bxb4
21. Rd7 b6 22. Rc1 Bc5 23. Bd6 Rfd8 24. Rxd8+ Nxd8 25. Nd4 Nb7 26. Bxc5 Rxc5
27. Rd1 Kf8 28. Nb3 Rc7 29. Rd3 Ke7 30. Rg3 g6 31. Rd3 e5 32. Re3 f6 33. f4 Ke6
34. fxe5 fxe5 35. Nd4+ Kd5 36. Nf3 e4 37. Nd2 Nc5 38. Kb2 Kd4 39. Rg3 e3 40.
Nf3+ Kd3 41. Ne5+ Ke2 42. Nc4 Re7 43. Rf3 b5 44. Na3 Rd7 45. Nb1 Ne4 46. Rf4
Kd3 47. Rf3 Rd6 48. Na3 Rf6 0-1

[Event "SV Waltrop 1 - SG Gladbeck 1"]
[Site "Verbandsliga - Gr. 1 2019/202"]
[Date "2020.01.19"]
[Round "5.1"]
[White "Mancic, Ivan"]
[Black "Eckert, Marius"]
[Result "0-1"]
[WhiteElo "2159"]
[BlackElo "2123"]
[Annotator "Daniel"]
[PlyCount "148"]
[EventDate "2020.??.??"]
[WhiteTeam "SG Gladbeck 1"]
[BlackTeam "SV Waltrop 1"]

1. d4 d5 2. c4 c6 3. Nf3 Nf6 4. e3 a6 5. Bd3 Bg4 6. h3 Bxf3 7. Qxf3 e6 8. O-O
Be7 9. Nc3 O-O 10. Rd1 b5 11. b3 Nbd7 12. Qe2 b4 13. Na4 Ne4 14. Bb2 f5 15.
Rac1 Qb8 16. cxd5 cxd5 17. Rc6 Bh4 18. Bxe4 fxe4 19. Rf1 Qb5 20. Rc2 Qxe2 21.
Rxe2 Rac8 22. Rc1 Rxc1+ 23. Bxc1 Rc8 24. Bb2 Kf7 25. Kh2 Ke7 26. f3 exf3 27.
gxf3 g6 28. e4 Kd6 29. Kg2 Bg5 30. Kg3 Bc1 31. e5+ Ke7 32. Bxc1 Rxc1 33. Kf4
Rd1 34. Ke3 Rh1 35. Rc2 Rxh3 36. Rc7 Kd8 37. Rc6 g5 38. Rxe6 g4 39. Rd6 Rxf3+
40. Ke2 Ke7 41. Rh6 Rh3 42. Rxa6 Rh2+ 43. Ke3 g3 44. Ra7 Ke6 45. Ra6+ Ke7 46.
Kf3 Rxa2 47. Kxg3 Ra3 48. Kf4 Rxb3 49. e6 Nf8 50. Ke5 Re3+ 51. Kxd5 Nxe6 52.
Ra7+ Kf6 53. Rxh7 Nf4+ 54. Kc4 b3 55. Rb7 Ng6 56. Nc3 Ne7 57. Rxb3 Ke6 58. Rb6+
Kd7 59. Nb5 Re6 60. Rb7+ Kc8 61. Rc7+ Kd8 62. Kc5 Rg6 63. Ra7 Rc6+ 64. Kb4 Nd5+
65. Kb3 Rc8 66. Rh7 Rc6 67. Rh5 Nc7 68. Rh8+ Kd7 69. Rh7+ Kd8 70. Nc3 Rd6 71.
Kc4 Ne6 72. d5 Nf8 73. Rh8 Ke7 74. Nb5 Rd8 {ZÃo} 0-1

[Event "SV Waltrop 1 - SG Gladbeck 1"]
[Site "Verbandsliga - Gr. 1 2019/202"]
[Date "2020.01.19"]
[Round "5.2"]
[White "Winterberg, Andreas"]
[Black "Frohne, Gerd"]
[Result "0-1"]
[WhiteElo "2001"]
[BlackElo "2033"]
[PlyCount "46"]
[EventDate "2020.??.??"]
[WhiteTeam "SV Waltrop 1"]
[BlackTeam "SG Gladbeck 1"]

1. e4 e6 2. d4 d5 3. Nd2 Nf6 4. e5 Nfd7 5. Bd3 c5 6. c3 Nc6 7. Ne2 cxd4 8. cxd4
f6 9. exf6 Nxf6 10. O-O Bd6 11. Nf3 Qc7 12. Bg5 O-O 13. Bh4 Nh5 14. Bg3 Nxg3
15. Nxg3 g6 16. Qe2 Qg7 17. Rfd1 Rf4 18. Rac1 Bd7 19. Bb1 Nxd4 20. Nxd4 Rxd4
21. Nf1 Rf8 22. Rxd4 Qxd4 23. Ne3 Qe5 0-1

[Event "SV Waltrop 1 - SG Gladbeck 1"]
[Site "Verbandsliga - Gr. 1 2019/202"]
[Date "2020.01.19"]
[Round "5.3"]
[White "Berg, Dietmar"]
[Black "Breidenbach, Rolf"]
[Result "1/2-1/2"]
[WhiteElo "1949"]
[BlackElo "1921"]
[PlyCount "68"]
[EventDate "2020.??.??"]
[WhiteTeam "SG Gladbeck 1"]
[BlackTeam "SV Waltrop 1"]

1. d4 g6 2. e4 c6 3. Nc3 d5 4. e5 h5 5. Bd3 Nh6 6. Nce2 Na6 7. c3 Nc7 8. Nf3
Bf5 9. Ng3 e6 10. Nxf5 Nxf5 11. Qb3 Rb8 12. Bd2 Be7 13. Qc2 a6 14. a4 c5 15.
dxc5 Bxc5 16. b4 Be7 17. O-O O-O 18. Rfd1 Rc8 19. Qb3 Nh4 20. Nxh4 Bxh4 21. Bh6
Re8 22. Be3 b5 23. axb5 axb5 24. Ra5 Rb8 25. Qb1 Kg7 26. Bd4 Qd7 27. Qc2 Qc6
28. Qe2 Be7 29. Rda1 Rf8 30. Qe3 Rfe8 31. Qf4 Rh8 32. Qe3 Rhc8 33. Ra7 Ra8 34.
R7a5 Rab8 1/2-1/2

[Event "SV Waltrop 1 - SG Gladbeck 1"]
[Site "Verbandsliga - Gr. 1 2019/202"]
[Date "2020.01.19"]
[Round "5.4"]
[White "Drewes, Martin"]
[Black "Rickert, Stefan"]
[Result "1-0"]
[WhiteElo "1920"]
[BlackElo "1939"]
[PlyCount "39"]
[EventDate "2020.??.??"]
[WhiteTeam "SV Waltrop 1"]
[BlackTeam "SG Gladbeck 1"]

1. e4 g6 2. d4 Bg7 3. Nc3 c5 4. Be3 Nc6 5. dxc5 Qa5 6. Nge2 Nf6 7. f3 O-O 8. a3
Ne5 9. Nf4 e6 10. Be2 a6 11. O-O Rd8 12. Qd2 Qc7 13. Rad1 Ne8 14. Na4 Bf8 15.
Nb6 Rb8 16. b4 Be7 17. Nfd5 exd5 18. Nxd5 Nxf3+ 19. Bxf3 Qe5 20. Bf4 1-0